| 000 | 00867nam a2200241Ia 4500 | ||
|---|---|---|---|
| 999 |
_c34798 _d34798 |
||
| 001 | 608 | ||
| 003 | GE_BSU | ||
| 005 | 20211125125944.0 | ||
| 008 | 181216s2008||||ge |||||||||||||| ||geo|| | ||
| 020 | _a9789941901980 | ||
| 040 | _cGE_BSU | ||
| 041 | _ageo | ||
| 080 | _a159.9(09) ი-47 | ||
| 100 |
_aიმედაძე, ირაკლი _95687 |
||
| 245 | _aფსიქოლოგიის ისტორია | ||
| 264 |
_aთბილისი : _bმწიგნობარი, _c2008. |
||
| 300 |
_a665 გვ. ; _bფოტ. ; _c25 სმ. |
||
| 504 | _aბიბლიოგრ.: გვ. 664-665. | ||
| 653 | _aფსიქოლოგიის ისტორია | ||
| 700 |
_aნადირაშვილი, შოთა _eრედაქტორი _9747 |
||
| 700 |
_aვახანია, ზურაბ _913043 |
||
| 942 |
_cBK _2udc |
||